01337nam a22002417a 4500003000400000005001700004008004100021020001500062040002100077041001300098082002300111100002800134245009500162260003100257300003200288500008500320520054100405650001300946650002000959650003800979650004401017700003401061OSt20210224113933.0210224s2006 ck ||||gr|||| 00| 0 spa d a9580495629 aCO-JMCRcCO-JMCR0 aspaheng04a291.4 /bC549p2231 aChopra, Deepak, eautor13aEl perdón : bcien reflexiones / cde Deepak Chopra ; traducción de Adriana de Hassan  aBogotá : bNorma, c2006 aix, 163 páginas ;c21 cm. aTítulo original: The deeper wound : recoveringthe soul from fear and suffering3 aAunque la idea para este libro nació del incidente trágico del 11 de septiembre de 2001, la intención del mismo evolucionó hasta convertirse en un manual que sirva para sanar la herida más profunda, independientemente de cuál sea su causa. Las tradiciones de la sabiduría nos dicen que es posible trascender el sufrimiento y alcanzar estados de expansión de la conciencia en los cuales, a través de la transformación personal, no solamente podemos llevar alegría al gran tejido de la vida, sino también sanarlo.14aPerdón24aVida espiritual24aCuración mental xmeditaciones24aSeptiembre 11 (Ataque terrorista, 2001)1 aHassan, Adriana, etraductora